000 00539nam a2200217Ia 4500
003 OSt
005 20220924135417.0
006 a|||||r|||| 00| 0
007 ta
008 220923b |||||||| |||| 00| 0 ben d
024 _a291108
037 _cTextual
040 _aARTS
_cARTS
_bben
041 _2ben
_aben
082 _aO15,1F00,1, 157M8
245 0 _aJagatsingha anudita gitagovinda
260 _c1988
650 _aSANSKRIT LITERATURE
942 _hO15,1F00,1, 157M8
_cTEXL
_2CC
999 _c440638
_d440638